David Hockney : prints from the British Council Collection.

Guardat en:
Dades bibliogràfiques
Altres autors: Hockney, David
Format: Llibre
Idioma:anglès
italià
Publicat: s.l. : Editions Jannink, The British Council ; 2002
Etiquetes: Afegir etiqueta
Sense etiquetes, Sigues el primer a etiquetar aquest registre!

MARC

LEADER 00000nam a22000007i 4500
001 IT\ICCU\RMB\0634753
003 ItRI
005 20260115231840.0
008 080213s2002 xxk|||||| ||||| |||||c
020 |a 2902462735 
020 |a 290246276X 
040 |b ita  |c importazione bologna sebina 
041 7 |a eng  |a ita  |2 ISO-639-2 
245 0 0 |a David Hockney :  |b prints from the British Council Collection. 
260 |a s.l. :  |b The British Council ;  |a Editions Jannink,  |c 2002 
300 |a XII, 93 p. :  |b ill. ;  |c 20 c 
500 |a Catalogo della mostra. 
700 1 |a Hockney, David  |0 IT\ICCU\CFIV\048407 
790 1 |a Hockney, D.  |3 IT\ICCU\CFIV\243624  |z Hockney, David 
942 |2 ddc  |c BK  |n 0 
952 |0 0  |1 0  |4 0  |6 DOC_759_200000000000000_DAV  |7 0  |9 14178  |a BO  |b BO  |d 2026-01-15  |i 16377  |l 0  |o DOC 759.2 DAV  |p BO16377  |r 2026-01-15 23:18:40  |w 2026-01-15  |x [Sebina 7] [1 v.]  |y BK  |z 1 v. 
999 |c 12232  |d 12232